NBA MVP's and Runner Ups - Statistics

General Stats
  • This quiz has been taken 389 times
    296 since last reset
  • The average score is 27 of 28
Answer Stats
Year Winner/Runner Up Players % Correct
Runner Up Nikola Jokic
100%
2022 Winner Nikola Jokic
100%
2021 Winner Nikola Jokic
100%
2020 Winner Giannis Antetokounmpo
99%
2019 Winner Giannis Antetokounmpo
99%
Runner Up LeBron James
99%
Runner Up LeBron James
99%
Runner Up LeBron James
99%
2013 Winner LeBron James
99%
2012 Winner LeBron James
99%
2010 Winner LeBron James
99%
2016 Winner Stephen Curry
99%
2015 Winner Stephen Curry
99%
2023 Winner Joel Embiid
98%
Runner Up Joel Embiid
98%
Runner Up Joel Embiid
98%
Runner Up James Harden
97%
2018 Winner James Harden
97%
Runner Up James Harden
97%
Runner Up James Harden
97%
2014 Winner Kevin Durant
97%
Runner Up Kevin Durant
97%
Runner Up Kevin Durant
97%
Runner Up Kevin Durant
97%
2017 Winner Russell Westbrook
96%
2011 Winner Derrick Rose
92%
Runner Up Kawhi Leonard
66%
Runner Up Dwight Howard
49%
No matching quizzes found
Score Distribution
Percent of People with Each Score
Percentile by Number Answered
Your Score History
You have not taken this quiz since the last reset